000 00240nam a2200097Ia 4500
008 240331s9999 xx 000 0 und d
082 _bCEN
100 _aCentre for Society and Religion, Cen
245 0 _aBreaking the Alabaster Box
942 _cL
999 _c2644
_d2644